[Event "CRO-chT U16 29th"]
[Site "Sesvete"]
[Date "2020.06.27"]
[Round "3.2"]
[White "Seremesic, Sanjin"]
[Black "Martic, Ivan2222"]
[Result "1/2-1/2"]
[WhiteElo "1347"]
[BlackElo "1261"]
[PlyCount "93"]
[EventDate "2020.06.20"]
[EventType "team-tourn"]
[EventRounds "9"]
[EventCountry "CRO"]
[SourceTitle "EXT 2021"]
[Source "ChessBase"]
[SourceDate "2020.10.23"]
[SourceVersion "1"]
[SourceVersionDate "2020.10.23"]
[SourceQuality "1"]
[WhiteTeam "Novi Zagreb"]
[BlackTeam "Krizevci"]
[WhiteTeamCountry "CRO"]
[BlackTeamCountry "CRO"]

1. d4 d5 2. c4 e6 3. Bf4 c6 4. Nc3 Nf6 5. e3 h6 6. Nf3 Nbd7 7. cxd5 exd5 8. Bd3 Be7 9. 0-0 0-0 10. h3 Re8 11. Re1 Nh5 12. Bh2 Nhf6 13. Qc2 Nf8 14. Rad1 Bd6 15. Bxd6 Qxd6 16. e4 dxe4 17. Nxe4 Nxe4 18. Bxe4 Be6 19. a3 Bd5 20. Bxd5 Qxd5 21. Qc5 Qxc5 22. dxc5 Ne6 23. b4 Red8 24. Rd6 Nf4 25. Red1 Nd5 26. Rxd8+ Rxd8 27. Re1 a5 28. bxa5 Ra8 29. Rb1 Rxa5 30. Rxb7 Rxa3 31. Rb8+ Kh7 32. Rc8 Nb4 33. Ne5 Rc3 34. Nxc6 Rxc5 35. Ne7 Rxc8 36. Nxc8 Nd3 37. Nd6 f6 38. g3 Kg6 39. f4 Ne1 40. Kf2 Nd3+ 41. Ke3 Nb4 42. f5+ Kh7 43. h4 Nd5+ 44. Ke4 Nc3+ 45. Kf3 Nd1 46. g4 Nb2 47. h5 1/2-1/2